000 00777nas a2200265 4500
001 BR9504825
003 BR-BrBNA
005 20231205094139.0
007 ta
008 230509b bl.|||p| |||| 00| 00por d
040 _aBR-BrBNA
_bpor
_cBiblioteca Nacional de Agricultura
041 _a(Pt)
072 _aF01
100 1 _aLima, D.P.
100 1 _aHolanda, L.F.F. de
100 1 _aRocha, C.A.S.
100 1 _aMaia, G.A.
100 1 _aMartins, C.B.
245 1 _aCaracterizacao fisica e avaliacao do rendimento do fruto do sapotizeiro (Achras sapota L.)
650 _aSapoti
650 _aRendimento
773 0 _tCiencia Agronomica (Brazil)
_x
_g(Jun-Dec 1990), v. 21(1-2) p. 51-57
_wBR9504825
909 _a202311
_bLúcia
_c55
_dLúcia Elande
942 _2AGRIS
_n0
_cANA
999 _c142349
_d142349